[Event "Chigorin Memorial 23rd"]
[Site "St Petersburg"]
[Date "2015.10.11"]
[Round "9"]
[White "Senkevich, Konstantin"]
[Black "Royset, Pal"]
[Result "0-1"]
[WhiteElo "2005"]
[BlackElo "2234"]
[PlyCount "58"]
[EventDate "2015.10.03"]
[EventType "swiss"]
[EventRounds "9"]
[EventCountry "RUS"]
[SourceTitle "CBM 168 Extra"]
[Source "ChessBase"]
[SourceDate "2015.10.29"]
[SourceVersion "1"]
[SourceVersionDate "2015.10.29"]
[SourceQuality "1"]

1. e4 g6 2. d4 Bg7 3. c4 d6 4. Nc3 Nc6 5. Be3 e5 6. Nge2 Nf6 7. f3 a6 8. d5 Nb8 9. Qd2 h5 10. Bg5 Nbd7 11. Nc1 Qe7 12. Nd3 c5 13. dxc6 bxc6 14. Nb4 Bb7 15. 0-0-0 d5 16. Nxc6 Bxc6 17. exd5 Bb7 18. Ne4 a5 19. g3 Nxe4 20. fxe4 Qxg5 21. Qxg5 Bh6 22. Qxh6 Rxh6 23. Bh3 Nc5 24. Rhe1 Ra6 25. Re3 Ke7 26. Bg2 g5 27. Rf1 Bc8 28. Kc2 Rhb6 29. Kc3 Na4+ 0-1

[Event "Chigorin Memorial 23rd"]
[Site "St Petersburg"]
[Date "2015.10.06"]
[Round "4"]
[White "Kuybokarov, Temur"]
[Black "Senkevich, Konstantin"]
[Result "1-0"]
[WhiteElo "2390"]
[BlackElo "2005"]
[PlyCount "67"]
[EventDate "2015.10.03"]
[EventType "swiss"]
[EventRounds "9"]
[EventCountry "RUS"]
[SourceTitle "CBM 168 Extra"]
[Source "ChessBase"]
[SourceDate "2015.10.29"]
[SourceVersion "1"]
[SourceVersionDate "2015.10.29"]
[SourceQuality "1"]

1. e4 c5 2. Nf3 Nc6 3. d4 cxd4 4. Nxd4 Nf6 5. Nc3 d6 6. Bg5 a5 7. Bxf6 gxf6 8. Nb3 Qc7 9. Nd5 Qd8 10. Qh5 e6 11. Ne3 Bd7 12. 0-0-0 Qc7 13. Be2 Be7 14. Kb1 0-0-0 15. f4 Rdg8 16. Rd2 Be8 17. Rhd1 Rg6 18. g3 Bf8 19. Qf3 h5 20. Nc4 h4 21. g4 Rhg8 22. Qf2 Rxg4 23. Bxg4 Rxg4 24. Ne3 Rg6 25. f5 Rg8 26. Qxh4 Qd8 27. Nc4 Ne5 28. Nxd6+ Bxd6 29. Rxd6 Bd7 30. a3 Qe7 31. Qh7 Qf8 32. Rxd7 Nxd7 33. fxe6 Ne5 34. e7 1-0

[Event "Chigorin Memorial 21st"]
[Site "St Petersburg"]
[Date "2013.10.10"]
[Round "6"]
[White "Vunder, Andrei"]
[Black "Senkevich, Konstantin"]
[Result "1-0"]
[WhiteElo "2245"]
[BlackElo "2039"]
[PlyCount "39"]
[EventDate "2013.10.05"]
[EventType "swiss"]
[EventRounds "9"]
[EventCountry "RUS"]
[SourceTitle "CBM 156 Extra"]
[Source "ChessBase"]
[SourceDate "2013.10.22"]
[SourceVersion "1"]
[SourceVersionDate "2013.10.22"]
[SourceQuality "1"]

1. d4 d5 2. Nf3 c5 3. e3 e6 4. c4 dxc4 5. Bxc4 Nf6 6. 0-0 Be7 7. Qe2 cxd4 8. exd4 0-0 9. Rd1 Nc6 10. a3 a6 11. Nc3 b5 12. Ba2 Bb7 13. Bg5 Qa5 14. d5 exd5 15. Nxd5 Nxd5 16. Bxd5 Bxg5 17. Nxg5 h6 18. Nxf7 Rxf7 19. Bxf7+ Kxf7 20. Rd7+ 1-0

[Event "Chigorin Memorial 21st"]
[Site "St Petersburg"]
[Date "2013.10.08"]
[Round "4"]
[White "Kostin, Alexey"]
[Black "Senkevich, Konstantin"]
[Result "1-0"]
[WhiteElo "2306"]
[BlackElo "2039"]
[PlyCount "49"]
[EventDate "2013.10.05"]
[EventType "swiss"]
[EventRounds "9"]
[EventCountry "RUS"]
[SourceTitle "CBM 156 Extra"]
[Source "ChessBase"]
[SourceDate "2013.10.22"]
[SourceVersion "1"]
[SourceVersionDate "2013.10.22"]
[SourceQuality "1"]

1. e4 c6 2. c4 g6 3. Nc3 Bg7 4. d4 d6 5. Be3 Nf6 6. f3 e5 7. d5 c5 8. Bd3 0-0 9. Nge2 Nh5 10. Qd2 f5 11. exf5 gxf5 12. 0-0-0 f4 13. Bf2 Bf5 14. Bxf5 Rxf5 15. g4 fxg3 16. hxg3 Rxf3 17. Ng1 Rxf2 18. Qxf2 Bh6+ 19. Kb1 Qg5 20. Qh2 Qg6+ 21. Ka1 Nxg3 22. Qxh6 Nxh1 23. Qxh1 Nd7 24. Nf3 Kh8 25. Rg1 1-0

[Event "St Petersburg Botvinnik 100 op"]
[Site "St Petersburg"]
[Date "2011.08.19"]
[Round "8"]
[White "Senkevich, Konstantin"]
[Black "Nuretdinov, Igor"]
[Result "0-1"]
[WhiteElo "2020"]
[BlackElo "2276"]
[PlyCount "98"]
[EventDate "2011.08.12"]
[EventType "swiss"]
[EventRounds "9"]
[EventCountry "RUS"]
[SourceTitle "CBM 143 Extra"]
[Source "ChessBase"]
[SourceDate "2011.08.29"]
[SourceVersion "1"]
[SourceVersionDate "2011.08.29"]
[SourceQuality "1"]

1. e4 d6 2. f4 Nf6 3. c3 g6 4. Nf3 Bg7 5. Be2 0-0 6. e5 dxe5 7. fxe5 Nd5 8. d4 Nb6 9. 0-0 c5 10. dxc5 Qxd1 11. Rxd1 N6d7 12. Bg5 Nc6 13. Bb5 Ndxe5 14. Nxe5 Bxe5 15. Bxc6 bxc6 16. Bxe7 Re8 17. Bd6 Bg4 18. Rf1 Bxd6 19. cxd6 Rad8 20. Nd2 Rxd6 21. Rf2 Kg7 22. Nb3 Re5 23. Nd4 c5 24. Nf3 Re3 25. a3 Be6 26. h3 f5 27. Kh2 Kf6 28. Re1 Rxe1 29. Nxe1 Rd1 30. Nf3 g5 31. Rd2 Rxd2 32. Nxd2 Ke5 33. Kg3 Bd5 34. b4 cxb4 35. axb4 h5 36. Kf2 h4 37. c4 Ba8 38. Nf3+ Ke4 39. Ke2 a6 40. Kd2 Kf4 41. Ke2 Kg3 42. Kf1 g4 43. hxg4 fxg4 44. Ne1 Be4 45. c5 h3 46. Kg1 h2+ 47. Kh1 Bc6 48. Nf3 gxf3 49. gxf3 Bxf3# 0-1

[Event "St Petersburg Botvinnik 100 op"]
[Site "St Petersburg"]
[Date "2011.08.13"]
[Round "2"]
[White "Senkevich, Konstantin"]
[Black "Kuzubov, Yuriy"]
[Result "0-1"]
[WhiteElo "2020"]
[BlackElo "2630"]
[PlyCount "36"]
[EventDate "2011.08.12"]
[EventType "swiss"]
[EventRounds "9"]
[EventCountry "RUS"]
[SourceTitle "CBM 143 Extra"]
[Source "ChessBase"]
[SourceDate "2011.08.29"]
[SourceVersion "1"]
[SourceVersionDate "2011.08.29"]
[SourceQuality "1"]

1. e4 c5 2. Nc3 Nc6 3. g3 g6 4. Bg2 Bg7 5. Nf3 Nf6 6. 0-0 0-0 7. d3 Rb8 8. a4 a6 9. Be3 d6 10. h3 Nd7 11. Qd2 Re8 12. d4 cxd4 13. Nxd4 Nde5 14. b3 Bxh3 15. Bxh3 Nxd4 16. Kg2 Nec6 17. f4 Qa5 18. Rad1 Nxb3 0-1

[Event "St Petersburg Autumn op"]
[Site "St Petersburg"]
[Date "2010.10.22"]
[Round "7"]
[White "Bakhtin, Alexander"]
[Black "Senkevich, Konstantin"]
[Result "0-1"]
[WhiteElo "1810"]
[BlackElo "2041"]
[PlyCount "74"]
[EventDate "2010.10.16"]
[EventType "swiss"]
[EventRounds "9"]
[EventCountry "RUS"]
[SourceTitle "EXT 2011"]
[Source "ChessBase"]
[SourceDate "2010.11.26"]
[SourceVersion "1"]
[SourceVersionDate "2010.11.26"]
[SourceQuality "1"]

1. e4 e5 2. Nf3 Nc6 3. Bb5 Nf6 4. 0-0 d6 5. Re1 Bd7 6. c3 Be7 7. d4 0-0 8. Bxc6 Bxc6 9. Nbd2 exd4 10. cxd4 Re8 11. d5 Bd7 12. Nf1 Bf8 13. Ng3 g6 14. Bg5 h6 15. Bf4 Bg7 16. Rc1 Rc8 17. e5 dxe5 18. Nxe5 Bb5 19. a4 Ba6 20. Rc5 b6 21. Nc6 Rxe1+ 22. Qxe1 Qe8 23. Ne7+ Kf8 24. d6 bxc5 25. Qa5 Rd8 26. Qxa6 cxd6 27. Nc6 Rd7 28. Nxa7 Qa8 29. Bxd6+ Kg8 30. Bxc5 Ne4 31. Be3 Bxb2 32. Qb5 Rd1+ 33. Nf1 Qd5 34. Qe2 Nc3 35. Qc2 Qc4 36. h3 Ne2+ 37. Qxe2 Qxe2 0-1

[Event "St Petersburg Autumn op"]
[Site "St Petersburg"]
[Date "2010.10.21"]
[Round "6"]
[White "Obraztsov, Nikita"]
[Black "Senkevich, Konstantin"]
[Result "1-0"]
[WhiteElo "1923"]
[BlackElo "2041"]
[PlyCount "72"]
[EventDate "2010.10.16"]
[EventType "swiss"]
[EventRounds "9"]
[EventCountry "RUS"]
[SourceTitle "EXT 2011"]
[Source "ChessBase"]
[SourceDate "2010.11.26"]
[SourceVersion "1"]
[SourceVersionDate "2010.11.26"]
[SourceQuality "1"]

1. Nf3 f5 2. d4 Nf6 3. c4 g6 4. Nc3 Bg7 5. Bf4 0-0 6. e3 d6 7. Be2 Na6 8. 0-0 c5 9. d5 Nc7 10. Qd2 Bd7 11. Rfd1 Rb8 12. Rab1 h6 13. a3 b5 14. b4 cxb4 15. axb4 bxc4 16. Bxc4 g5 17. Bg3 Nh5 18. Nd4 f4 19. exf4 Nxf4 20. Bxf4 Rxf4 21. Nce2 Rf8 22. Nc6 Bxc6 23. dxc6+ Kh8 24. Qe3 Rb6 25. Qe4 Ne8 26. Nd4 Rf4 27. Qg6 Rf6 28. Qh5 d5 29. Nf3 Rbxc6 30. Bxd5 Rcd6 31. Nxg5 e6 32. Bxe6 Qe7 33. Nf7+ Rxf7 34. Bxf7 Nf6 35. Qg6 Rb6 36. Re1 Nh7 1-0

[Event "St Petersburg Autumn op"]
[Site "St Petersburg"]
[Date "2010.10.16"]
[Round "1"]
[White "Senkevich, Konstantin"]
[Black "Yusupova, Lilia"]
[Result "1/2-1/2"]
[WhiteElo "2041"]
[BlackElo "1725"]
[PlyCount "102"]
[EventDate "2010.10.16"]
[EventType "swiss"]
[EventRounds "9"]
[EventCountry "RUS"]
[SourceTitle "EXT 2011"]
[Source "ChessBase"]
[SourceDate "2010.11.26"]
[SourceVersion "1"]
[SourceVersionDate "2010.11.26"]
[SourceQuality "1"]

1. d4 d5 2. c4 Nf6 3. cxd5 Nxd5 4. Nf3 e6 5. e4 Nf6 6. Nc3 c5 7. d5 Be7 8. d6 Qxd6 9. Qxd6 Bxd6 10. e5 Be7 11. exf6 Bxf6 12. Be3 Bxc3+ 13. bxc3 b6 14. Bb5+ Ke7 15. 0-0 f6 16. Rfd1 Bd7 17. Bxd7 Nxd7 18. Nd2 Ne5 19. Bf4 Nc6 20. Nc4 e5 21. Be3 Rhd8 22. Kf1 Rxd1+ 23. Rxd1 Rd8 24. Rxd8 Nxd8 25. a4 Ne6 26. Ke2 Kd7 27. Kd3 Kc6 28. Ke4 g6 29. f4 exf4 30. Bxf4 a6 31. Bc1 Nc7 32. Ne3 h5 33. c4 Kd6 34. Bb2 Ke6 35. Bxf6 Kxf6 36. Nd5+ Nxd5 37. Kxd5 Kf5 38. Kc6 Ke5 39. Kxb6 Kd4 40. Kxa6 Kxc4 41. Kb6 Kd4 42. a5 c4 43. a6 c3 44. a7 c2 45. a8Q c1Q 46. Qd8+ Ke5 47. Qe7+ Kf5 48. Qf8+ Ke6 49. Qg8+ Kf5 50. Qf7+ Kg5 51. Qe7+ Kf5 1/2-1/2

[Event "St Petersburg op"]
[Site "St Petersburg"]
[Date "2009.01.08"]
[Round "6"]
[White "Senkevich, Konstantin"]
[Black "Tkachev, Ivan"]
[Result "1-0"]
[WhiteElo "2079"]
[BlackElo "1950"]
[PlyCount "47"]
[EventDate "2009.01.03"]
[EventType "swiss"]
[EventRounds "9"]
[EventCountry "RUS"]
[SourceTitle "EXT 2010"]
[Source "ChessBase"]
[SourceDate "2010.11.25"]
[SourceVersion "1"]
[SourceVersionDate "2010.11.25"]
[SourceQuality "1"]

1. e4 d5 2. exd5 Qxd5 3. Nc3 Qa5 4. d4 Nf6 5. Nf3 c6 6. Ne5 Bf5 7. g4 Bg6 8. h4 e6 9. f3 Bd6 10. h5 Bxe5 11. dxe5 Qxe5+ 12. Ne2 Be4 13. fxe4 Qxe4 14. Rg1 Nxg4 15. Bg2 Qf5 16. Qd4 Nf6 17. Qb4 b6 18. Bf4 e5 19. Bg3 Nxh5 20. Bh4 Nf6 21. 0-0-0 Qe6 22. Nd4 Na6 23. Nxe6 Nxb4 24. Nxg7+ 1-0

[Event "Chigorin Memorial 16th"]
[Site "St Petersburg"]
[Date "2008.10.05"]
[Round "3"]
[White "Bronnikova, Elizaveta"]
[Black "Senkevich, Konstantin"]
[Result "1-0"]
[WhiteElo "2293"]
[BlackElo "2118"]
[PlyCount "75"]
[EventDate "2008.10.03"]
[EventType "swiss"]
[EventRounds "9"]
[EventCountry "RUS"]
[SourceTitle "CBM 126 Extra"]
[Source "ChessBase"]
[SourceDate "2008.11.05"]
[SourceVersion "1"]
[SourceVersionDate "2008.11.05"]
[SourceQuality "1"]

1. e4 c5 2. Nf3 Nc6 3. d4 cxd4 4. Nxd4 Nf6 5. Nc3 d6 6. Be2 g6 7. 0-0 Bg7 8. Nb3 0-0 9. Re1 Be6 10. Bf1 d5 11. Nc5 Bg4 12. f3 Qb6 13. N3a4 Qb4 14. c3 Qa5 15. exd5 b5 16. b4 Nxb4 17. cxb4 Qxb4 18. Bd2 Qd4+ 19. Be3 Qe5 20. Bd4 Qf4 21. Bxb5 Bxf3 22. gxf3 Ng4 23. fxg4 Bxd4+ 24. Kg2 Bxa1 25. Re4 Qg5 26. Qxa1 Qxd5 27. Qd4 Qxa2+ 28. Re2 Qb1 29. Nc3 Qc1 30. Rxe7 Rad8 31. Nd7 Rc8 32. Nf6+ Kg7 33. Nh5+ Kh6 34. Qg7+ Kg5 35. Ne4+ Kh4 36. Qf6+ g5 37. Qf2+ Kxg4 38. Be2# 1-0

[Event "St Petersburg June op"]
[Site "St Petersburg"]
[Date "2008.06.26"]
[Round "6"]
[White "Serov, Maksim"]
[Black "Senkevich, Konstantin"]
[Result "1-0"]
[WhiteElo "2295"]
[BlackElo "2136"]
[PlyCount "53"]
[EventDate "2008.06.21"]
[EventType "swiss"]
[EventRounds "9"]
[EventCountry "RUS"]
[SourceTitle "CBM 125 Extra"]
[Source "ChessBase"]
[SourceDate "2008.09.01"]
[SourceVersion "1"]
[SourceVersionDate "2008.09.01"]
[SourceQuality "1"]

1. Nf3 d5 2. g3 c5 3. Bg2 Nc6 4. d4 cxd4 5. Nxd4 Nf6 6. 0-0 Qb6 7. Nxc6 bxc6 8. c4 e6 9. Nc3 Be7 10. Na4 Qb4 11. b3 0-0 12. Bd2 Qd6 13. Be3 Rd8 14. Bc5 Qc7 15. cxd5 Bxc5 16. Nxc5 cxd5 17. Rc1 Qa5 18. Qc2 Rb8 19. Rfd1 Nd7 20. e4 Nxc5 21. Qxc5 Qxa2 22. Qc7 Bd7 23. exd5 Qxb3 24. dxe6 Qxe6 25. Rd6 Rbc8 26. Qxc8 Rxc8 27. Rxc8+ 1-0

[Event "St Petersburg Mai op"]
[Site "St Petersburg"]
[Date "2008.05.08"]
[Round "8"]
[White "Senkevich, Konstantin"]
[Black "Zhukov, Klim"]
[Result "0-1"]
[WhiteElo "2136"]
[BlackElo "2123"]
[PlyCount "116"]
[EventDate "2008.05.01"]
[EventType "swiss"]
[EventRounds "9"]
[EventCountry "RUS"]
[SourceTitle "CBM 124 Extra"]
[Source "ChessBase"]
[SourceDate "2008.07.03"]
[SourceVersion "1"]
[SourceVersionDate "2008.07.03"]
[SourceQuality "1"]

1. e4 e5 2. Nf3 Nc6 3. Bb5 f5 4. exf5 e4 5. Qe2 Qe7 6. Bxc6 dxc6 7. Nd4 Qe5 8. Nf3 Qe7 9. Nd4 Qe5 10. f3 Qxd4 11. fxe4 Nf6 12. d3 Bd6 13. Nc3 Bxh2 14. Be3 Bg3+ 15. Kd2 Qd6 16. Raf1 Bd7 17. Kc1 c5 18. Rh3 0-0-0 19. Bxc5 Bf4+ 20. Be3 Bxe3+ 21. Rxe3 Qe5 22. Nd1 c5 23. Nf2 h5 24. Rh3 Bxf5 25. Rf3 Be6 26. Qd2 Rhf8 27. Qa5 Kb8 28. Nd1 b6 29. Qa6 Nd7 30. Nc3 Rxf3 31. gxf3 Qf4+ 32. Kb1 Qc7 33. f4 Qb7 34. Qa4 a6 35. f5 Bf7 36. Rg1 Rg8 37. Ne2 b5 38. Qa5 b4 39. a3 bxa3 40. Qxa3 g5 41. fxg6 Rxg6 42. Rf1 Be6 43. Qc3 Rg8 44. Nf4 Bg4 45. Nd5 Ka7 46. Ne7 Rb8 47. Rf7 Ka8 48. b3 Qb4 49. Qg7 Be6 50. Nc6 Qe1+ 51. Kb2 Rxb3+ 52. cxb3 Qd2+ 53. Ka3 Qc1+ 54. Ka4 Bxf7 55. Qh8+ Kb7 56. Nd8+ Kc7 57. Nxf7 Nb6+ 58. Ka5 Qa3# 0-1

[Event "St Petersburg Mai op"]
[Site "St Petersburg"]
[Date "2008.05.01"]
[Round "1"]
[White "Bene, Alina"]
[Black "Senkevich, Konstantin"]
[Result "1/2-1/2"]
[WhiteElo "1889"]
[BlackElo "2136"]
[PlyCount "51"]
[EventDate "2008.05.01"]
[EventType "swiss"]
[EventRounds "9"]
[EventCountry "RUS"]
[SourceTitle "CBM 124 Extra"]
[Source "ChessBase"]
[SourceDate "2008.07.03"]
[SourceVersion "1"]
[SourceVersionDate "2008.07.03"]
[SourceQuality "1"]

1. e4 c5 2. Nf3 Nc6 3. d4 cxd4 4. Nxd4 Nf6 5. Nc3 d6 6. g3 g6 7. Bg2 Bd7 8. 0-0 Bg7 9. Nce2 0-0 10. Re1 Qb6 11. c3 Ng4 12. Rf1 Nce5 13. h3 Nf6 14. Rb1 Qa6 15. Ra1 Nd3 16. Qc2 Nxc1 17. Rfxc1 Rac8 18. Rd1 Ne8 19. Qd3 Qxd3 20. Rxd3 e5 21. Nc2 Bb5 22. Rd2 Bh6 23. Ne3 Kg7 24. Bf1 Bc6 25. Bg2 Bb5 26. Bf1 1/2-1/2

[Event "St Petersburg op U18"]
[Site "St Petersburg"]
[Date "2008.01.13"]
[Round "9"]
[White "Senkevich, Konstantin"]
[Black "Palchun, Grigory"]
[Result "1-0"]
[WhiteElo "2100"]
[BlackElo "2069"]
[PlyCount "41"]
[EventDate "2008.01.05"]
[EventType "swiss"]
[EventRounds "9"]
[EventCountry "RUS"]
[SourceTitle "CBM 122 Extra"]
[Source "ChessBase"]
[SourceDate "2008.03.04"]
[SourceVersion "1"]
[SourceVersionDate "2008.03.04"]
[SourceQuality "1"]

1. e4 c5 2. Nf3 Nc6 3. g3 g6 4. Bg2 Bg7 5. 0-0 Nf6 6. Re1 0-0 7. c3 d6 8. d4 Bg4 9. h3 Bxf3 10. Bxf3 cxd4 11. cxd4 Qb6 12. d5 Ne5 13. Bg2 Nc4 14. Nc3 Nh5 15. g4 Nf6 16. Rb1 Nd7 17. Na4 Qb4 18. a3 Qa5 19. b3 Ncb6 20. Bd2 Qb5 21. Bf1 1-0

[Event "St Petersburg Zak Memorial"]
[Site "St Petersburg"]
[Date "2007.04.01"]
[Round "9"]
[White "Senkevich, Konstantin"]
[Black "Molchanov, Maksim"]
[Result "1/2-1/2"]
[WhiteElo "2106"]
[BlackElo "1994"]
[PlyCount "114"]
[EventDate "2007.03.24"]
[EventType "team"]
[EventRounds "9"]
[EventCountry "RUS"]
[SourceTitle "CBM 117 Extra"]
[Source "ChessBase"]
[SourceDate "2007.05.09"]
[SourceVersion "1"]
[SourceVersionDate "2007.05.09"]
[SourceQuality "1"]

1. e4 e5 2. Nf3 Nc6 3. Bc4 Bc5 4. c3 Nf6 5. d4 exd4 6. 0-0 d5 7. exd5 Nxd5 8. Qb3 Be6 9. Qxb7 Nde7 10. Bxe6 fxe6 11. Qb5 Qd5 12. cxd4 Bxd4 13. Nxd4 Qxd4 14. Qh5+ Ng6 15. Nc3 0-0 16. Be3 Qf6 17. Qc5 Nce7 18. Bg5 Qf7 19. Bxe7 Qxe7 20. Qxe7 Nxe7 21. Rfe1 Nd5 22. Rxe6 Nxc3 23. bxc3 Rab8 24. Re2 Rfd8 25. f3 Rd3 26. Rc2 Rb6 27. Kf2 Rbd6 28. Re1 Rd2+ 29. Rxd2 Rxd2+ 30. Re2 Rd3 31. Rc2 c5 32. Kg3 Kf7 33. Kf4 Kf6 34. h4 h6 35. g4 g5+ 36. hxg5+ hxg5+ 37. Ke4 c4 38. f4 a5 39. a4 gxf4 40. Kxf4 Rd1 41. Rb2 Ra1 42. Rb6+ Kg7 43. Ke5 Rxa4 44. Kd4 Ra1 45. Kxc4 Rg1 46. Kb5 Rxg4 47. c4 Kf7 48. Ra6 Ke7 49. Rxa5 Kd7 50. c5 Rg1 51. Ra7+ Kc8 52. Rh7 Rg6 53. Rh5 Rf6 54. c6 Rf1 55. Kb6 Rb1+ 56. Rb5 Rxb5+ 57. Kxb5 Kc7 1/2-1/2

[Event "St Petersburg Zak Memorial"]
[Site "St Petersburg"]
[Date "2007.03.26"]
[Round "3"]
[White "Gavrikov, Viktor1111"]
[Black "Senkevich, Konstantin"]
[Result "0-1"]
[WhiteElo "1735"]
[BlackElo "2106"]
[PlyCount "52"]
[EventDate "2007.03.24"]
[EventType "team"]
[EventRounds "9"]
[EventCountry "RUS"]
[SourceTitle "CBM 117 Extra"]
[Source "ChessBase"]
[SourceDate "2007.05.09"]
[SourceVersion "1"]
[SourceVersionDate "2007.05.09"]
[SourceQuality "1"]

1. c4 e5 2. Nc3 d6 3. e3 f5 4. d4 e4 5. g3 Nf6 6. Bg2 c6 7. b4 b6 8. Nge2 g6 9. 0-0 Bg7 10. Rb1 0-0 11. Bd2 Be6 12. c5 dxc5 13. bxc5 bxc5 14. dxc5 Nbd7 15. Nd4 Nxc5 16. Nxc6 Qc7 17. Nd4 Bc4 18. Re1 Nd3 19. Ncb5 Qd7 20. Qa4 Bxb5 21. Rxb5 Nxe1 22. Bxe1 a6 23. Qb3+ Qf7 24. Rb7 Qxb3 25. axb3 Rfb8 26. Rd7 Nxd7 0-1

[Event "St Petersburg Zak Memorial"]
[Site "St Petersburg"]
[Date "2007.03.25"]
[Round "2"]
[White "Senkevich, Konstantin"]
[Black "Gantsevich, Aleksei"]
[Result "1-0"]
[WhiteElo "2106"]
[BlackElo "1990"]
[PlyCount "75"]
[EventDate "2007.03.24"]
[EventType "team"]
[EventRounds "9"]
[EventCountry "RUS"]
[SourceTitle "CBM 117 Extra"]
[Source "ChessBase"]
[SourceDate "2007.05.09"]
[SourceVersion "1"]
[SourceVersionDate "2007.05.09"]
[SourceQuality "1"]

1. d4 Nf6 2. Nf3 g6 3. Bg5 Bg7 4. Nbd2 d6 5. e4 0-0 6. Be2 Nbd7 7. 0-0 h6 8. Be3 Ng4 9. Bf4 e5 10. dxe5 Ngxe5 11. c3 f5 12. exf5 Rxf5 13. Bg3 Nc5 14. Qc2 g5 15. Nxe5 Bxe5 16. Bg4 Rf6 17. Bxc8 Bxg3 18. Bxb7 Nxb7 19. hxg3 Kg7 20. Ne4 Re6 21. g4 Qe8 22. Ng3 Qg6 23. Nf5+ Kh7 24. Rfe1 Rae8 25. Rxe6 Rxe6 26. Qa4 Nc5 27. Qxa7 Qf7 28. b4 Nd3 29. Rd1 Ne5 30. Nd4 Re7 31. Nf5 Re6 32. Ne3 Rf6 33. Nd5 Rg6 34. Qxc7 Qxc7 35. Nxc7 Nxg4 36. Nb5 Re6 37. f3 Ne3 38. Rxd6 1-0

[Event "St Petersburg-ch qual"]
[Site "St Petersburg"]
[Date "2006.11.27"]
[Round "1"]
[White "Drobyshev, Sergey"]
[Black "Senkevich, Konstantin"]
[Result "0-1"]
[WhiteElo "1668"]
[BlackElo "2106"]
[PlyCount "50"]
[EventDate "2006.11.27"]
[EventType "swiss"]
[EventRounds "10"]
[EventCountry "RUS"]
[SourceTitle "EXT 2008"]
[Source "ChessBase"]
[SourceDate "2007.11.25"]
[SourceVersion "1"]
[SourceVersionDate "2007.11.25"]
[SourceQuality "1"]

1. d4 d5 2. Nc3 Nf6 3. h3 Bf5 4. Bf4 e6 5. a3 Bd6 6. Qd2 0-0 7. Nf3 Bxf4 8. Qxf4 Bxc2 9. Nb5 Na6 10. Rc1 Ba4 11. Nxc7 Nxc7 12. Rxc7 Bc6 13. e3 Ne8 14. Rxc6 bxc6 15. Ne5 Qa5+ 16. Kd1 Nf6 17. f3 c5 18. Bd3 Rab8 19. dxc5 Rxb2 20. e4 dxe4 21. Nc4 Qa4+ 22. Kc1 Rb3 23. Nb2 Qxa3 24. Qe5 exd3 25. Rd1 Nd5 0-1